00620 2200229 4500001002100000005001700021008004100038035002400079082001100103090002100114100002900135245006300164250001100227260003300238300002400271500002600295650001800321850001500339980001500354985000600369999001500375YOGYA-0209000003615620090227025106.0 ind  0010-020900000036156 a680.28 a680.28bHad PlT aHadiwiyoto, Suwedo Raden aPenanganan dan pemanfaatan sampahcoleh Soewedo hadiwiyoto aCet. 1 aJakartabYayasan Idayuc1983 a83 hlmbilusc21 cm aBibliografi : hlm. 83 aLimbah pabrik aYOPDYOG(B) a10-02-2006 a1 aa000060268